[Event "GER-ch 74th"]
[Site "Saarbruecken"]
[Date "2002.11.29"]
[Round "8"]
[White "Gutman, Lev"]
[Black "Naiditsch, Arkadij"]
[Result "1-0"]
[WhiteElo "2476"]
[BlackElo "2586"]
[Annotator "Horn,Pe"]
[PlyCount "79"]
[EventDate "2002.11.22"]
[EventType "swiss"]
[EventRounds "9"]
[EventCountry "GER"]
[SourceTitle "CBM 093"]
[Source "ChessBase"]
[SourceDate "2003.04.01"]
[SourceVersion "1"]
[SourceVersionDate "2003.04.01"]
[SourceQuality "1"]

1. Nf3 Nf6 2. g3 d5 3. Bg2 Bf5 4. O-O e6 5. d3 Be7 6. c4 c6 7. Qb3 Qc8 ({
Die gängige Fortsetzung ist hier} 7... Qb6) 8. Nd4 Bg6 9. cxd5 exd5 10. e4 {
Gutman fühlt sich angesichts von Qc8 zu diesem scharfen Vorgehen berechtigt.} (
10. Nc3) 10... O-O $1 ({Die Annahme des Bauern} 10... dxe4 11. dxe4 Nxe4 {
ist auch zu prüfen:} ({nicht aber} 11... Bxe4 $2 12. Bxe4 Nxe4 13. Nf5 $1 $40)
12. Re1 Nc5 13. Qe3 Qc7 14. Nxc6 (14. Nc3 $5 {ist anspruchsvoller} Kf8) 14...
Nxc6 15. Qxc5 O-O $11) 11. Nc3 Na6 12. exd5 (12. Be3 c5) 12... Nc5 {Nun hat
Weiß Probleme mit dem Pd3.} 13. Qd1 Nxd5 (13... cxd5 14. Be3) 14. Nxd5 (14.
Bxd5 cxd5 15. Nxd5 Bd6 $44) 14... cxd5 15. Be3 {Gutman ist kein ängstlicher
Spieler: er gibt den Pd3 her und hofft auf Druck gegen den Pd5.} (15. Nb3 Nxd3
16. Bxd5 Rd8 17. Qf3 {wäre eine Methode, um Schadensbegrenzung zu versuchen.})
15... Qd7 (15... Bxd3 {läuft nicht weg.}) 16. h4 (16. f4 Bxd3 17. Re1 Be4 $17)
(16. Nf3 Nxd3 17. Ne1 d4 $1 $17) 16... Bxd3 (16... Nxd3 $2 17. h5 $16) ({
Schwarz darf nicht warten:} 16... Rfe8 17. b4 $14) 17. Re1 Ba6 ({Eine
Alternative war} 17... Be4 18. f3 Bg6) 18. Qh5 Nd3 19. Red1 (19. Re2) 19...
Rad8 (19... Nxb2 20. Nf5 Nxd1 21. Qg4 Qxf5 22. Qxf5 Nxe3 23. fxe3 $13) 20. Rd2
g6 $2 ({Konsequent scheint mir} 20... Bb4 $5 {Danach muß Weiß sich sehr
anstrengen, seine Kompensation nachzuweisen.}) 21. Qd1 Ne5 (21... Nb4 22. Nc2
Nxc2 23. Qxc2 {und der Pd5 fällt.}) 22. Nc2 Qf5 $2 (22... Qc7) (22... b6 23.
Rxd5 Qe6 $11) 23. Bxa7 $16 Nc4 24. Ne3 $1 (24. Rxd5 Rxd5 25. Bxd5 Rd8 $17)
24... Nxe3 25. Bxe3 Bf6 26. Bd4 Rfe8 27. Qf3 Kg7 (27... Qxf3 28. Bxf3 Bxd4 29.
Rxd4 Rc8 30. Rxd5 Rc2 31. b4 $16) 28. Qxf5 gxf5 29. b3 f4 30. gxf4 Re2 31. Rad1
Rde8 32. Rxe2 Rxe2 33. a4 Re6 34. Bxd5 Rd6 35. Be5 Bxe5 36. fxe5 Rg6+ 37. Kh2
Rg4 38. Rg1 Rxg1 39. Kxg1 Kg6 40. Be4+ 1-0

[Event "Olympiad-34"]
[Site "Istanbul"]
[Date "2000.11.07"]
[Round "10.1"]
[White "Vaganian, Rafael A"]
[Black "Jussupow, Artur"]
[Result "0-1"]
[WhiteElo "2623"]
[BlackElo "2610"]
[Annotator "Horn,Pe"]
[PlyCount "56"]
[EventDate "2000.10.28"]
[EventType "team-swiss"]
[EventRounds "14"]
[EventCountry "TUR"]
[SourceTitle "EXT 2001"]
[Source "ChessBase"]
[SourceDate "2000.11.22"]
[SourceVersion "1"]
[SourceVersionDate "2000.11.22"]
[SourceQuality "1"]
[WhiteTeam "Armenia"]
[BlackTeam "Germany"]
[WhiteTeamCountry "ARM"]
[BlackTeamCountry "GER"]

1. Nf3 d5 2. g3 c6 3. Bg2 Bg4 4. c4 e6 5. cxd5 exd5 6. Qb3 Qb6 7. Qc2 {Die
Absicht von Qb3: Schwarz hat das Tempo Qb6 "gewonnen" und Weiß möchte
nachweisen, daß die Q dort nichts zu suchen hat.} Nf6 8. O-O Be7 9. d3 Nbd7 ({
Mit dem naheliegenderen} 9... O-O {hatte Schwarz mit demselben Manöver im
Zentrum recht ordentliche Ergebnisse:} 10. Nc3 Bxf3 11. Bxf3 d4 12. Na4 Qb5 13.
e4 (13. Qc4 Qxc4 14. dxc4 Na6 15. b3 Rad8 16. Bf4 Rfe8 17. Rfd1 Ba3 18. Bc1
Bxc1 19. Raxc1 $11 {1/2-1/2 Kurajica,B-Damljanovic,B/Bugojno 1999}) 13... dxe3
14. fxe3 Na6 15. d4 Nb4 16. Qd1 Rad8 {1/2-1/2 Pigusov,E-Burmakin,V/Krasnoiarsk
1998}) 10. Nc3 (10. e4 Qc5 $1 {(Jussupow) stört den weißen Plan.}) 10... Bxf3
$146 {Damit bereitet Schwarz den folgenden Vorstoß vor. Zieht man die beiden
obigen Partien in Betracht, ist die Neuerung hier nicht überraschend.} ({Nach} 
10... O-O {realisiert Weiß seinen Plan:} 11. e4 Bh5 12. Nh4 dxe4 13. dxe4 Ne5
14. Nf5 $14 {Filippov,V-Barsov,A/Corsica 1997}) ({Sofort} 10... d4 $2 {klappt
taktisch nicht:} 11. Na4 Qb4 12. a3 Qd6 13. Bf4 Qd5 14. Nxd4 $1 $18) 11. Bxf3
d4 {Mit diesem Vorstoß hat Vaganian bereits 1989 in einer vergleichbaren
Situation (ohne Qc2/Qb6, aber mit h2-h3, Bg2 und schwarzer 0-0) gegen Van der
Wiel schlechte Erfahrungen gemacht. Schwarz gewinnt Zeit und er stört den
weißen Plan Pe2-e4. Dafür erhält der Bg2 größere Wirkung.} 12. Nb1 {[%cal
Yb1d2,Yd2c4] Ehrgeizig gespielt.} (12. Na4 {geht zwar mit Tempo; der N steht
dort allerdings abseits.}) ({Am naheliegendsten finde ich} 12. Ne4 Nxe4 13.
Bxe4 {Weiß möchte am Damenflügel Pb2-b4 durchsetzen.}) 12... h5 $5 {Das finde
ich sensationell: nach dem Abtausch des Bg4 scheint der Kg1 durch den nicht
mehr abzutauschenden Bf3 hinreichend geschützt; auf der Gegenseite befindet
der Ke8 sich noch im Zentrum und kann sich auch am Damenflügel nicht sicher
fühlen. Der Zug paßt allerdings gut zu d5-d4.} ({Später schien Jussupow
zunächst} 12... Ne5 {etwas genauer.}) 13. Nd2 (13. Na3 $5) (13. Bf4) 13... Ne5
14. Bg2 h4 15. Nc4 (15. Nf3 $142 Nxf3+ 16. exf3 {[%cal Yf1e1] öffnet die
e-Linie und schützt den Kg1 besser. Jussupow hält die Stellung danach für
ausgeglichen.}) 15... Nxc4 16. Qxc4 Ng4 $1 {Da liegt der Unterschied: jetzt
werden die schwarzen Figuren lebendig.} 17. b4 Rd8 $1 {Macht die Qb6 beweglich;
ohne Beteiligung der Q kann es dem Kg1 nicht ernsthaft an den Kragen gehen.} (
17... Ne5 $6 18. Qc2 hxg3 19. hxg3 Bxb4 $2 {wäre genau das, was Weiß gerne
möchte:} 20. Rb1 $16 {und alle weißen Figuren (speziell der Bg2) sind aktiv.})
18. Bd2 (18. Rb1 {scheint mir nach b4 logisch zu sein.} hxg3 (18... Qc7 19. b5
{läuft etwas besser für Weiß als die Partiefortsetzung.}) 19. fxg3 Ne5 20. Qb3)
18... Qc7 19. b5 c5 20. b6 $2 ({Jussupow} 20. h3 Ne5 21. Qa4 $11 {[%cal Yg3g4]}
) 20... axb6 21. Qb5+ $2 (21. Rab1 $17) 21... Kf8 $19 22. Rab1 hxg3 23. hxg3 $8
Qe5 24. Rfe1 Rh2 $1 25. e4 (25. Qxb6 Qh5 {mit Mattangriff.}) 25... Qh5 26. Kf1
Rxg2 $1 27. Kxg2 Qh2+ 28. Kf3 Ne5+ ({es wird matt:} 28... Ne5+ 29. Ke2 Qh5+ 30.
Kf1 Qh1+ 31. Ke2 Qf3+ 32. Kf1 Ng4) 0-1

[Event "Rubinstein Memorial"]
[Site "Polanica Zdroj"]
[Date "1992.??.??"]
[Round "8"]
[White "Romanishin, Oleg M"]
[Black "Flear, Glenn C"]
[Result "1-0"]
[WhiteElo "2555"]
[BlackElo "2505"]
[Annotator "Horn,Pe"]
[PlyCount "63"]
[EventDate "1992.08.??"]
[EventType "tourn"]
[EventRounds "11"]
[EventCountry "POL"]
[EventCategory "12"]
[SourceTitle "CBM 031"]
[Source "ChessBase"]
[SourceDate "1992.12.01"]
[SourceVersion "1"]
[SourceVersionDate "1992.12.01"]
[SourceQuality "1"]

1. Nf3 d5 2. g3 Nf6 3. Bg2 c6 4. O-O Bf5 (4... Bg4 5. c4 e6 6. d3 dxc4 7. dxc4
Qxd1 8. Rxd1 Nbd7 9. Nc3 e5 10. Be3 Be6 11. b3 h6 12. h3 Bb4 13. Na4 Ke7 14.
Ne1 $1 $14 {Dizdar-Savon, Baku 88}) 5. d3 e6 (5... h6 6. c4 dxc4 7. dxc4 Qxd1 (
7... Nbd7 $10) 8. Rxd1 Nbd7 9. Bf4 (9. Nc3 e5 10. b3 Bb4 11. Bb2 O-O-O 12. Rac1
Rhe8 $10 {Jansa-Mokry, Zenica 86}) 9... g5 10. Be3 Bg7 (10... e5 11. h4 Ng4 12.
Bd2 gxh4 13. Nxh4 Be6 14. b3 Be7 15. Nf3 O-O-O $15 {Löffler-Pieper_Emden, BL
88/89}) 11. Nc3 Ng4 12. Bd2 O-O-O 13. Rac1 Nde5 14. Nxe5 Nxe5 15. b3 Rd7 $10 {
Benkö-Geller, Curacao ct 62}) 6. c4 dxc4 (6... Be7 7. Be3 dxc4 8. dxc4 Qxd1 9.
Rxd1 Nbd7 10. h3 Bc5 11. Bxc5 Nxc5 12. Nc3 Ke7 13. Nh4 a5 14. b3 Rhd8 $10 {
Podgaez-Filipenko, URS 85}) (6... h6 7. Be3 dxc4 8. dxc4 Qxd1 9. Rxd1 Nbd7 10.
Nc3 Ng4 11. Bd2 Bc5 12. Be1 Ngf6 (12... O-O-O $6 13. Na4 Be7 14. Nd4 Bh7 15.
Ba5 $1 $14 {Rajkovic-Velicka, Luxemburg op 90}) 13. Rac1 O-O 14. Na4 Be7 15. b4
a5 $10 {Weber-Behrhorst, BL 87/88}) (6... Bc5 7. Nc3 dxc4 8. dxc4 Qxd1 9. Rxd1
Ne4 10. Nxe4 Bxe4 11. Bf4 Bxf3 $2 (11... Nd7) 12. Bxf3 Nd7 13. b4 $1 $16 {
Dizdar-Barle, Voskresenk 90}) 7. dxc4 Qxd1 8. Rxd1 Nbd7 (8... Bc2 9. Rf1 Na6 (
9... Nbd7 10. Nc3 Be7 11. Bf4 Nh5 (11... O-O 12. Rac1 Bg6 13. Rfd1 Nc5 14. Ne5
{/\ b4-b5+/=}) 12. Be3 Nhf6 13. Rac1 Bg6 14. h3 (14. Rfd1 $6 Ng4 15. Bf4 Bc5)
14... Ne4 (14... O-O $1) 15. Bd4 f6 (15... Bf6 16. b4) 16. Rfd1 Nd6 $2 (16...
e5 17. Be3) 17. c5 $1 Nf5 18. g4 Nxd4 19. Nxd4 Bf7 20. b4 $36 {Inkiov-Smagin,
Moskau 85}) 10. Bf4 h6 11. Nc3 Rd8 (11... Be7 $2 12. Nd4 Bh7 13. Nxc6 $18) 12.
Rac1 Bh7 13. Rfd1 Rxd1+ 14. Rxd1 Bb4 15. Nb5 $1 $14 O-O (15... cxb5 16. cxb5
Nc5 17. a3 Ba5 18. b4) 16. Nd6 Rd8 17. a3 Bc2 18. Rd4 Bc5 19. Rd2 Bxd6 20. Rxd6
Rxd6 21. Bxd6 $14 {Barle-Flear, Bern 92}) 9. Nc3 (9. Be3 Bb4 10. h3 Bc2 11. Rc1
Bg6 12. Nbd2 a5 13. c5 a4 14. Rc4 Nd5 15. Bd4 Bxd2 16. Nxd2 e5 17. e4 Nc7 18.
Be3 Ke7 19. f4 f6 20. Rb4 Rhb8 21. Nc4 Bf7 22. fxe5 Nxe5 23. Nxe5 fxe5 24. a3
Ne6 $10 {Suba-Chernin, Regio Emilia 86/7}) 9... Bc2 (9... h6 10. b3 (10. h3 Bc2
11. Re1 (11. Rd2 Bh7 {/\ Bb4}) 11... Bh7 (11... Bb4 12. Bd2 (12. Nd4 $6 Bxc3
13. bxc3 Be4 $15) 12... a5) 12. Be3 Bb4 (12... Bc5 $5 13. Bxc5 Nxc5 14. b4 Nce4
$10) 13. Rec1 O-O $6 (13... Bc5 $5 {Karpov}) 14. Na4 $14 Be7 15. Nd2 Rfd8 16.
Nb3 Be4 17. Na5 Bxg2 18. Kxg2 Rab8 $10 {Kortschnoj-Karpov, Tilburg 1986}) (10.
Be3 Ng4) 10... Be7 11. Bb2 Rd8 12. e4 $1 Nxe4 13. Nxe4 Bxe4 14. Bxg7 Rg8 15.
Bb2 Bxf3 16. Bxf3 Bf6 17. Bxf6 Nxf6 18. b4 Ke7 19. b5 $36 {
Khalifman-Kakageldiev, URS 1987}) (9... Bb4 10. Bd2 (10. Bf4 Bxc3 (10... Nb6
11. Nd4 Bg6 12. Nxc6) 11. bxc3 O-O-O 12. Ne5 Nxe5 13. Bxe5 c5 $132 {
Karlsson-Hjartason, Gausdal zt 1987}) 10... O-O-O (10... Nb6 $5 11. Ne5 Bd6 $13
) 11. a3 Bxc3 12. Bxc3 Nc5 13. Ne5 $16 {Kengis-Vitolinsh, Lettland 1987}) 10.
Re1 Bg6 (10... h6 $6 11. e4 $16) 11. Nh4 $14 {Der Tausch gewinnt nicht nur das
B-Paar, sondern verhindert auch eine gelegentliche Neutralisierung des Bg2
durch Be4. Die weiße Strategie zielt jetzt auf eine Erweiterung der Diagonale
h1-a8 durch b2-b4-b5.} Bb4 12. Nxg6 hxg6 13. Bf4 Nb6 $2 (13... Bxc3 14. bxc3 e5
15. Be3 Ng4 16. Bc1 $1 $14) (13... e5 $5) 14. Rec1 $1 $16 Nxc4 $2 (14... Nh5 $2
15. Bc7 $1 Bxc3 (15... Rc8 16. Bxb6 axb6 (16... Bxc3 17. Rxc3 axb6 18. Rb3 $18)
17. Na4 $18) 16. Rxc3 $16) (14... O-O-O $6 15. Nb5 $5 cxb5 16. cxb5+ Kd7 17.
Rc7+ Ke8 18. Rxb7 $44) (14... O-O 15. a3 $16) 15. Na4 Nb6 16. a3 $1 {Dem B
fehlt ein passendes Feld.} Be7 {verstellt dem K das Feld} (16... Nxa4 17. axb4
Nb6 18. b5 $16) 17. Nxb6 axb6 18. Rxc6 $1 $18 Bc5 (18... bxc6 19. Bxc6+ $18)
19. Rc7 O-O 20. Bxb7 Rad8 21. Bf3 Nd5 22. Bxd5 Rxd5 23. b4 Bd4 24. Ra2 g5 25.
e4 Rb5 26. Bd6 Be5 27. Bxf8 Bxc7 28. Be7 f6 29. Rc2 Bb8 30. Rc8+ Kf7 31. a4 Re5
32. Bxf6 1-0

[Event "Budapest FS10 GM"]
[Site "Budapest"]
[Date "1993.??.??"]
[Round "1"]
[White "Loginov, Valery A"]
[Black "Anic, Darko"]
[Result "1-0"]
[WhiteElo "2505"]
[BlackElo "2440"]
[Annotator "Horn,Pe"]
[PlyCount "67"]
[EventDate "1993.10.??"]
[EventType "tourn"]
[EventRounds "11"]
[EventCountry "HUN"]
[EventCategory "9"]
[SourceTitle "CBM 038"]
[Source "ChessBase"]
[SourceDate "1994.02.01"]
[SourceVersion "1"]
[SourceVersionDate "1994.02.01"]
[SourceQuality "1"]

1. Nf3 c6 2. g3 d5 3. Bg2 g6 4. c4 Bg7 5. Qa4 e6 (5... dxc4 6. Qxc4 $14) (5...
Nf6 6. cxd5) 6. O-O Ne7 7. d4 O-O 8. Nc3 Nd7 9. cxd5 exd5 10. b4 Nf5 (10... Nb6
11. Qb3 Nc4 12. b5 $14) 11. Rd1 Re8 (11... b5 $5 $14) 12. Bg5 Qb6 $2 (12... f6
13. Bf4 Nb6 14. Qb3 Nc4 15. b5) 13. b5 $1 $16 h6 14. Bc1 Nf6 15. bxc6 bxc6 16.
Ba3 Qa6 17. e3 Ne4 $2 (17... Bf8 18. Qxa6 Bxa6 19. Bxf8 Kxf8 20. Ne5 $16) 18.
Qxa6 Bxa6 19. Nxe4 dxe4 20. Nd2 $18 {><c6,e4} Bd3 21. Rac1 Re6 $6 (21... Rac8
22. Rc3 {/\ Rdc1}) 22. Nb3 Rb8 23. Rc3 Nd6 24. Nc5 Nb5 25. Rcxd3 exd3 26. Nxe6
Nxa3 (26... fxe6 27. Bc5 $18) 27. Nxg7 Rb1 (27... Kxg7 28. Rxd3 $18) 28. Rxb1
Nxb1 29. Ne8 d2 30. Bf3 Nc3 31. Nd6 Kf8 32. Nc4 d1=Q+ 33. Bxd1 Nxd1 34. Ne5 1-0

[Event "St Petersburg-ch"]
[Site "St Petersburg"]
[Date "2001.04.18"]
[Round "8"]
[White "Loginov, Valery A"]
[Black "Ivanov, Sergey"]
[Result "0-1"]
[WhiteElo "2499"]
[BlackElo "2547"]
[Annotator "Horn,Pe"]
[PlyCount "102"]
[EventDate "2001.04.10"]
[EventType "tourn"]
[EventRounds "11"]
[EventCountry "RUS"]
[EventCategory "9"]
[SourceTitle "CBM 083"]
[Source "ChessBase"]
[SourceDate "2001.07.05"]
[SourceVersion "1"]
[SourceVersionDate "2001.07.05"]
[SourceQuality "1"]

1. Nf3 d5 2. g3 c6 3. Bg2 Bg4 4. c4 e6 5. O-O Nd7 6. cxd5 {Das ist die Leib-
und Magenvariante von Loginov. Er kennt sich mit den Stellungstypen sehr gut
aus, aber seine Kollegen können sich sehr gut auf ihn einstellen.} exd5 7. d3
Ngf6 8. Nc3 Bd6 {Kramnik entschied sich auch für diesen Zug.} 9. e4 $146 ({
Ich hätte hier von Loginov} 9. Qc2 {erwartet, da er dies in ähnlichen
Stellungen häufig gespielt hat.}) ({Am häufigsten wird hier} 9. h3 {gespielt.})
9... dxe4 10. dxe4 Ne5 11. Bf4 Nxf3+ 12. Bxf3 Bxf4 13. Bxg4 Be5 14. Bh3 ({
Weniger ehrgeizig wäre} 14. Bf3 {. Freilich sieht der Bf3 für längere Zeit
etwas tolpatschig aus; andererseits bleibt Pe4 gedeckt.}) 14... O-O 15. Qc2 Qe7
16. Rfe1 Rad8 {Schwarz hat keine Probleme. Ein weißer Vorstoß im Zentrum steht
noch nicht auf der Tagesordnung.} 17. Re2 Qc5 18. Kh1 Bd4 19. f3 g6 20. Rae1
Rfe8 21. Nd1 $2 ({Vielleicht sollte Weiß hier auf die Neutralisierung der
d-Linie achten.} 21. Rd2) 21... Kg7 22. Nf2 ({Auch in dem Endspiel} 22. Qxc5
Bxc5 $15 {hat Schwarz aufgrund der d-Linie ein wenig mehr vom Spiel.}) 22...
Bxf2 $1 23. Rxf2 Qa5 {[%csl Ra2,Re1]} 24. Ra1 {Sicher nicht mit Begeisterung
gespielt.} Rd4 $17 {[%cal Ye8d8]} 25. Qc3 Qxc3 26. bxc3 Rd3 {Schwarz besitzt
hier einen klaren Vorteil wegen der d-Linie und der geschwächten weißen
Bauernstruktur am Damenflügel.} 27. Rc1 Red8 28. Rcc2 (28. Bf1 Rd2 29. Rxd2
Rxd2 $17) 28... Nd7 29. Bf1 Rd1 30. Rcd2 Ne5 31. Rxd8 Rxd8 32. Kg2 Rd1 33. Rb2
b6 34. Be2 Rc1 35. f4 Nd7 36. Rd2 $2 {Funktioniert nicht ganz.} (36. c4 Nc5 $17
) 36... Nc5 37. e5 Rxc3 38. Bf3 Rd3 39. Rc2 (39. Re2 Ne6 40. Bxc6 Nd4 41. Be4
Rxg3+ 42. hxg3 Nxe2) 39... Ne6 40. Be4 (40. Rxc6 $4 Nd4) (40. Bxc6 Nd4 41. Rc4
Rd2+ 42. Kf1 b5 $19) 40... Ra3 41. Bxc6 (41. Kf2) 41... Nd4 42. Rc4 Rxa2+ 43.
Kh3 Rd2 44. Bb7 Ne6 45. g4 Rd4 46. Rxd4 Nxd4 47. Ba6 b5 48. Kg3 b4 49. Kf2 b3
50. Ke3 b2 51. Bd3 Nb5 0-1

[Event "EU-ch 1st"]
[Site "Saint Vincent"]
[Date "2000.07.13"]
[Round "10"]
[White "Anastasian, Ashot"]
[Black "Mikhalevski, Alexander"]
[Result "1-0"]
[WhiteElo "2571"]
[BlackElo "2464"]
[Annotator "Horn,Pe"]
[PlyCount "75"]
[EventDate "2000.07.03"]
[EventType "swiss"]
[EventRounds "11"]
[EventCountry "ITA"]
[SourceTitle "CBM 078"]
[Source "ChessBase"]
[SourceDate "2000.10.18"]
[SourceVersion "1"]
[SourceVersionDate "2000.10.18"]
[SourceQuality "1"]

1. Nf3 d5 2. g3 c6 3. Bg2 Bg4 4. c4 e6 5. cxd5 exd5 6. d3 Nf6 7. O-O Nbd7 8. h3
Bh5 9. Nc3 Be7 ({Zuletzt wurde} 9... Bc5 {bevorzugt.}) 10. Qc2 O-O 11. e3 $146
{[%cal Yc3e2,Ye2f4] Eine interessante Idee: Weiß möchte das Läuferpaar ohne
die Bauernstellung am Königsflügel zu lockern.} (11. e4 Nc5 (11... Bxf3 12.
Bxf3 Nc5 13. Rd1 Ne6 14. Ne2 Bc5 15. b4 Bd4 16. Bb2 Bxb2 17. Qxb2 Qe7 18. Bg2
a5 19. b5 Qb4 20. Rab1 Qxb2 21. Rxb2 $14 {Tkachiev,V-Hector,J/Isle of Man 1996}
) 12. Nh4 (12. g4 dxe4 13. dxe4 Bg6 14. Ne5 Re8 15. Be3 Bf8 16. Rad1 Qc7 17. f4
$14 {Gelman,A-Mitbreit,D/Moscow 1995}) 12... Re8 (12... dxe4 13. dxe4 Qd3 14.
Qxd3 Nxd3 15. Bg5 h6 16. Be3 Nxb2 17. Rfb1 Nc4 18. Rxb7 Nxe3 19. Rxe7 Nxg2 20.
Kxg2 $14 {Davies-Kuijf/Graested/1990}) 13. Nf5 Bf8 14. b4 Ne6 15. Rb1 Rc8 16.
Qb2 h6 17. Nh4 dxe4 18. dxe4 Nd7 $1 19. f4 f6 $13 {Malaniuk,V-Vyzmanavin,A/
Groningen 1993}) (11. Nd4 Bc5 12. Nf5 Bg6 13. e4 Re8 14. a3 a5 15. Nh4 dxe4 16.
dxe4 Ne5 17. Nxg6 hxg6 18. Rd1 Qe7 19. Bg5 $14 {Vezdeutsan,V-Vioreanu,B/Eforie
Nord 1998}) 11... Nc5 ({Eine scharfe Idee ist} 11... Bxf3 12. Bxf3 d4 {die
Pointe, ansonsten hätte man sich mit dem Schlagen auf f3 nicht beeilen müssen.}
13. exd4 $140 Nb6 {[%csl Gd5] mit einer Blockade auf d5.}) 12. Ne2 Nfd7 13. Nf4
Bxf3 14. Bxf3 Bd6 15. Bg2 Bxf4 16. exf4 {Läuferpaar gegen Springerpaar: das
ist ein garnicht so seltenes Thema in dieser Variante. Zunächst hat Weiß
keinen sonderlichen Grund, auf die B stolz zu sein: der felsenfeste Block
b7-c6-d5 läßt insbesondere dem Bg2 wenig Wirkung.} Qf6 $6 {Die Q ist hier
nicht sonderlich gut plaziert.} 17. Be3 Ne6 18. Rfe1 a5 (18... Rfe8) (18... Nb6
) 19. Rac1 a4 20. Bd2 Ra6 $2 {Der Ra6 steht hier nicht besser als auf a8.} ({
Die Selbstfesselung} 20... Nd4 21. Qd1 Rfe8 22. Bc3 $16 {macht ebenfalls
keinen guten Eindruck.}) (20... Rfe8 $142 21. Bc3 Qd8 $14) 21. Bc3 $1 d4 {
[%csl Gg2] Mit der Verlängerung der Diagonale g2-a8 ist Weiß wesentlich
vorangekommen.} (21... Nd4 22. Bxd4 Qxd4 23. Re7 Rd8 24. Rce1) ({Auch} 21...
Qd8 {gibt zu Sorgen Anlaß:} 22. f5 Nc7 23. Bb4 Re8 24. Rxe8+ Nxe8 25. Re1 $16 {
[%csl Gb4,Ge1] Immerhin bleibt wenigstens der Bg2 tot.}) 22. Bb4 $16 {Jetzt
sind beide B lebendig.} Rfa8 (22... c5 23. Bd2) 23. h4 {Bringt zusätzlich ein
eventuelles Bh3 ins Spiel.} Rb6 24. Bd6 Ra5 (24... c5 25. Be5 $16) 25. Re2 Qd8
26. Rce1 Ndf8 ({Das konsequente} 26... c5 {löst auch nicht die Probleme:} 27.
f5 Rxd6 28. fxe6 Rxe6 29. Rxe6 fxe6 30. Rxe6 Nf8 31. Re2 $16 {[%csl Gc2,Ge2,
Gg2] und die weißen Figuren sind ihren Gegenspielern klar überlegen.}) 27. Ba3
h6 28. Qc4 Rbb5 29. Bb4 Ra8 30. a3 Qf6 $2 ({Zäher war} 30... Qb6 31. Bh3 $16)
31. Bh3 Nxf4 (31... Rd5 32. f5 $18 {[%cal Yb4e7]}) 32. gxf4 Qxh4 33. Bg2 Qxf4
34. Re4 (34. Re8 Rg5 35. Rxa8 Qf3 36. Rxf8+ Kh7 37. Kf1 $18) 34... Qg5 35. Re8
{Eine gerechte Strafe für die Abseitsstellung der schwarzen Türme.} Rxe8 36.
Rxe8 Kh7 37. Qxf7 Rf5 38. Qxf5+ 1-0

[Event "Rubinstein Memorial"]
[Site "Polanica Zdroj"]
[Date "1992.??.??"]
[Round "10"]
[White "Kortschnoj, Viktor Lvovich"]
[Black "Chernin, Alexander"]
[Result "1/2-1/2"]
[WhiteElo "2575"]
[BlackElo "2600"]
[Annotator "Horn,Pe"]
[PlyCount "48"]
[EventDate "1992.08.??"]
[EventType "tourn"]
[EventRounds "11"]
[EventCountry "POL"]
[EventCategory "12"]
[SourceTitle "CBM 031"]
[Source "ChessBase"]
[SourceDate "1992.12.01"]
[SourceVersion "1"]
[SourceVersionDate "1992.12.01"]
[SourceQuality "1"]

1. Nf3 d5 2. g3 c6 3. Bg2 Bg4 4. d3 Nd7 5. O-O e6 6. c4 Bd6 7. Nc3 Ne7 8. cxd5
exd5 9. Qa4 $146 (9. e4 $6 dxe4 10. dxe4 Ne5 $1 $10) (9. h3 Bh5 10. e4 dxe4 11.
dxe4 Ne5 12. g4 Bg6 13. Nxe5 Bxe5 14. Be3 Bc7 15. Qe2 Bb6 16. Rad1 Qc7 17. f4
f6 $13 {Dejkalo-Kuczynski, Polen 1987}) 9... Bh5 10. Qh4 Bg6 11. e4 O-O 12. Be3
Re8 (12... Nc5 13. Rad1) 13. Rad1 a6 14. Qh3 Bb4 15. Nh4 Nf8 16. Nxg6 hxg6 17.
exd5 Bxc3 18. bxc3 Nxd5 19. Bd2 (19. Bd4 $2 Ne6) 19... Qa5 20. c4 Nc3 21. Qg4
Qa3 22. Bc1 Qa5 23. Bd2 Qa3 24. Bc1 Qa5 (24... Qxa2 25. Rd2 Qa5 26. Rb2)
1/2-1/2